Tae Chang-gŭm MBC tʻŭkpyŏl kihoek dŭrama. Part C /

大長今 MBC 문화방송. Part C.
Podrobná bibliografie
Korporativní autor: MBC-TV (Television station : Korea)
Další autoři: Yi, Pyŏng-hun, Kim, Yŏng-hyŏn, Yi, Yŏng-ae, Chi, Chin-hŭi, Im, Ho, Kim, Sang-hŏn
Médium: Video DVD
Jazyk:Korean
Vydáno: Seoul : Bitʻŭwin, 2003-2004.
Témata:
LEADER 02026cgm a2200481 a 4500
001 00025829
003 BD-DhAAL
005 20251007150808.0
007 vd cvaizk
008 120829p20042003ko 420 vlkor d
024 1 |a 8809074179467 
028 4 2 |a BDV-D248  |b Bitwin (discs 1-6) 
040 |a BD-DhAAL  |c BD-DhAAL 
082 0 0 |a 791.43  |2 22 
245 1 0 |6 880-01  |a Tae Chang-gŭm  |h [videorecording] :  |b MBC tʻŭkpyŏl kihoek dŭrama.  |n Part C /  |c yŏnch'ul, Yi, Pyŏng-hun ; kŭkpon, Kim Yŏng-hyŏn ; kihoek, Cho Chung-hyŏn ; MBC Munhwa Pansong. 
246 2 |a Tae Changgum 
246 1 I |a Dae Jang Geum  
260 |a Seoul :  |b Bitʻŭwin,  |c 2003-2004. 
300 |a 7 videodiscs (DVD) (ca. 420 min) :  |b  sd., col. ;  |c c 4 3/4 in. 
500 |a Aspect ratio 1.33:1  
500 |a Based on the book, Ŭinyŏ Tae Chang-gŭm by Kim Sang-hŏn. 
500 |a Videodisc release of 54-part television drama series by MBC. 
538 |a DVD; Dolby digital, NTSC. 
541 1 |e 00025829 
546 |a Korean dialogue with optional subtitles in English and Chinese 
650 0 |a Motion picture  |x DVD special features.  |9 4930 
650 0 |a Feature films  |z Korea (South).  |9 4850 
650 0 |a Medicine  |z Korea  |x History  |v Drama.  |9 59511 
650 0 |a Cooking, Korean  |v Drama.  |9 59513 
650 0 |a Women physicians  |z Korea  |x History  |v Drama.  |9 59512 
650 0 |a Feature films  |z Korea (South).  |9 4850 
700 1 |a Yi, Pyŏng-hun.  |9 4932 
700 1 |a Kim, Yŏng-hyŏn.  |9 4933 
700 1 |a Yi, Yŏng-ae.  |9 4934 
700 1 |a Chi, Chin-hŭi.  |9 4935 
700 1 |a Im, Ho.  |9 4936 
700 1 |a Kim, Sang-hŏn.  |t Ŭinyŏ Tae Chang-gŭm.  |9 4937 
710 2 |a MBC-TV (Television station : Korea)  |9 4938 
852 4 |a Ayesha Abed Library  |j General shelf. 
880 |6 245-01 /  |a 大長今  |h [videorecording] :  |b MBC 문화방송.  |n Part C. 
942 |2 ddc  |c AV 
999 |c 12788  |d 12788 
952 |0 0  |1 0  |2 ddc  |4 0  |6 791_430000000000000_TAE  |7 0  |9 21056  |a BRACUL  |b BRACUL  |c AV  |d 2012-08-28  |e BIL  |g 2.00  |l 0  |o 791.43 TAE  |p 4010025829  |r 2012-09-04  |t 1  |w 2012-08-28  |y AV